000
00279nam a22001097a 4500
041
_a
eng
080
_a
80
100
_a
Галай, О. М.
245
_a
Сборник упраж. и текстов по переводу с нем. язык..
650
_a
German
999
_c
279367
_d
279367
942
_c
BK